BUBT Library Online Catalog

Optical Fiber Communications / (Record no. 4124)

000 -LEADER
fixed length control field 00687nam a2200217Ia 4500
003 - CONTROL NUMBER IDENTIFIER
control field BUBTL
008 - FIXED-LENGTH DATA ELEMENTS--GENERAL INFORMATION
fixed length control field 151213s9999 xx 000 0 und d
020 ## - INTERNATIONAL STANDARD BOOK NUMBER
International Standard Book Number 9780070648104
082 ## - DEWEY DECIMAL CLASSIFICATION NUMBER
Classification number 621.3827/ K268o/ 2008
100 ## - MAIN ENTRY--PERSONAL NAME
Personal name Keiser, Gerd
9 (RLIN) 4549
245 ## - TITLE STATEMENT
Title Optical Fiber Communications /
Statement of responsibility, etc. Gerd Keiser
250 ## - EDITION STATEMENT
Edition statement 4th Edn.
260 ## - PUBLICATION, DISTRIBUTION, ETC. (IMPRINT)
Place of publication, distribution, etc. New Delhi:
Name of publisher, distributor, etc. Tata McGraw-Hill Publishing Company Limited,
Date of publication, distribution, etc. c2008
300 ## - PHYSICAL DESCRIPTION
Extent xxxii, 578 p.:
Other physical details ills.;
Dimensions 24 cm.
500 ## - GENERAL NOTE
General note Includes Index
505 ## - FORMATTED CONTENTS NOTE
Formatted contents note Optical Fiber Communications, Gerd Keiser
650 #0 - SUBJECT ADDED ENTRY--TOPICAL TERM
Topical term or geographic name as entry element Electrical and Electronic Engineering
9 (RLIN) 4295
856 ## - ELECTRONIC LOCATION AND ACCESS
Password 0
Logon 0
Link text Download
942 ## - ADDED ENTRY ELEMENTS (KOHA)
Source of classification or shelving scheme
Koha item type Books
Holdings
Withdrawn status Lost status Source of classification or shelving scheme Damaged status Not for loan Collection code Permanent location Current location Shelving location Date acquired Source of acquisition Inventory number Total Checkouts Total Renewals Full call number Barcode Date last seen Date last checked out Copy number Price effective from Koha item type
          Non-fiction Bangladesh University of Business and Technology Library Bangladesh University of Business and Technology Library Electronic Engineering Stacks 12/02/2010 Purchase 8578 12 16 621.3827/ K268o/ 2008 BUBTL-20038578 06/26/2019 06/18/2019 C-1 01/26/2016 Books
        Not For Loan Non-fiction Bangladesh University of Business and Technology Library Bangladesh University of Business and Technology Library Electronic Engineering Stacks 12/02/2010 Purchase 8577 2 2 621.3827/ K268o/ 2008 BUBTL-20038577 10/16/2019 09/03/2019 C-2 01/26/2016 Books
          Non-fiction Bangladesh University of Business and Technology Library Bangladesh University of Business and Technology Library Electronic Engineering Stacks 09/11/2010 Purchase 8222 8 12 621.3827/ K268o/ 2008 BUBTL-20038222 08/25/2019 06/17/2019 C-3 01/26/2016 Books
        Not For Loan Non-fiction Bangladesh University of Business and Technology Library Bangladesh University of Business and Technology Library Electronic Engineering Stacks 04/09/2010 Purchase 8224     621.3827/ K268o/ 2008 BUBTL-20038224 01/26/2016   C-4 01/26/2016 Books
          Non-fiction Bangladesh University of Business and Technology Library Bangladesh University of Business and Technology Library Electronic Engineering Stacks 09/04/2010 Purchase 8223 5 7 621.3827/ K268o/ 2008 BUBTL-20038223 06/29/2019 06/18/2019 C-5 01/26/2016 Books

More Information About Library

Library Hours

  • Open: 9.00 am. to 9.00 pm.
  • Only Sunday: 9.00 am. to 6.00 pm.
  • Closed: Holiday

Contact to the University

Bangladesh University of Business and Technology Library

  • Mirpurl-2, 1216.
  • Phone:
  • Fax:
  • E-Mail: admin.library@bubt.edu.bd

Contact to the Library

Contact Person:

Md. Abdul Hakim Shah
Joint Librarian
PABX No:  113
Cell No: 01816332931
E-mail: official: admin.library@bubt.edu.bd
Personal: hakim.shah@bubt.edu.bd


BUBT Library

Copyright © 2021